Prussia - Sudden Death - Statistics

General Stats
  • This quiz has been taken 43 times
  • The average score is 5 of 15
Answers on the Grid
Answers color-coded by a green-red scale on the quiz's grid according to % correct below.
Mark Brandenburg
Berlin
Königsberg
30 Years War
Gold Coast
Partitions of Poland
100 Years War
Bavaria
Habsburgs
Hohenzollern
County of the Mark
Frederick the Great
The Great King
Soldier King
Louis XVI.
Victoria I.
Wiliam I.
Yorck
Trieste
Newfoundland
Potato
Mozart
Catherine the Great
Marches (Music Type)
Sigmaringen
 
Answer Stats
Answer % Correct
Berlin
86%
Königsberg
73%
Frederick the Great
55%
Partitions of Poland
55%
30 Years War
45%
Mark Brandenburg
41%
Soldier King
36%
Marches (Music Type)
32%
Hohenzollern
27%
Wiliam I.
23%
County of the Mark
18%
Gold Coast
18%
Potato
14%
Sigmaringen
14%
Yorck
9%
No matching quizzes found
Score Distribution
Percent of People with Each Score
Percentile by Number Answered
Your Score History
You have not taken this quiz